000 00976nam0a22002651 4500
001 rc\3689319
005 20260406073048.0
021 _aRU
_b[72-80754]
035 _a(NLR Aleph) 007755927
090 _a7313689
_c7313689
100 _a20130115d1972 |||y0rusy50 ca
101 1 _arus
_cbak
102 _aRU
105 _ay z |||a|
200 1 _aНе вспугни лебедей
_eСтихи и поэма ["Поворот к счастью"]
_eАвториз. пер. с башк.
210 _a[Уфа
_cБашк. кн. изд-во
_d1972]
215 _a63 с.
_d15
225 1 _a[Библиотечка башкирской поэзии]
464 0 _12001#$aПоворот к счастью$eПоэма
_tПоворот к счастью
700 1 _8rus
_7ca
_aКаримов
_bМ. Н.
_f1930-
_gМарат Набиевич
_3RU\NLR\auth-onl\77869
_9130924
801 0 _aRU
_bNLR
_gpsbo
801 1 _aRU
_bELAR
_2rusmarc
852 _aNLR
_j72-1/368
942 _cBOOK
980 _aNB